00579nam a2200205 4500010001100000035001100011037001800022040001200040082001500052100002000067245006600087250001100153260003300164270003100197300003300228650003300261650004000294650002300334700001600357 a112473 a112473 bCen Lib / Ret aDPLbEn a581.6bKIR aKirtikar, K. R. aIndian medicinal plants /cby K. R. Kirtikar [and] B. D. Basu a2nd ed aAllahabadbLalit Mohan Basu  a49, Leader RoadbAllahabad a(v 1. cviii, 838p)c27cm(hb) a Medicinal plants -- India.  aMateria medica, Vegetable -- India. aPlants, Medicinal. aBasu, B. D.